=LDR 00000nam 2200000 4500 =001 INLIS000000000026607 =005 20130612125034 =008 ***********************************Ind** =035 ##$$0010-061300000026607 =041 ##$$a Ind =082 ##$$a 92 =090 ##$$a 92, Pam f =100 ##$$a Pambudi =245 ##$$a Fidal kastro, 60 tahun menantang amerika, Pembudi =260 ##$$a 2007 $b Jakarta =300 ##$$a 215 hlm, 18 cm =650 ##$$a Biografi - Fidel castro =850 ##$$a NBPNMAT